[Event "Championnat de France - Open D"]
[Site "Aix-les-Bains"]
[Date "2007.08.22"]
[Round "8.4"]
[White "Pignatelli, Daniel"]
[Black "Bergmann, Delphine"]
[Result "1-0"]
[WhiteElo "1499"]
[BlackElo "1440"]
[PlyCount "75"]
[EventDate "2007.??.??"]

1. d4 Nf6 2. Nc3 e6 3. e4 Bb4 4. Bd3 h6 5. Nge2 O-O 6. Bd2 c5 7. e5 cxd4 8.
Nxd4 Bxc3 9. Bxc3 Nd5 10. Bd2 Nc6 11. Nxc6 bxc6 12. a3 Bb7 13. c4 Ne7 14. Bb4
Rc8 15. Bd6 Re8 16. c5 Nf5 17. Bxf5 exf5 18. O-O Ba6 19. Re1 Bc4 20. Qc2 Be6
21. a4 Qg5 22. b4 Bd5 23. g3 Qg4 24. f4 h5 25. Ra3 h4 26. Qe2 Qxe2 27. Rxe2
hxg3 28. Rxg3 g6 29. h4 Kh7 30. h5 gxh5 31. Rh2 Re6 32. Rxh5+ Rh6 33. Rhg5 Rg6
34. Be7 Rxg5 35. fxg5 Rb8 36. Rh3+ Kg6 37. Rh6+ Kg7 38. Bf6+ 1-0

[Event "Championnat de France - Open D"]
[Site "Aix-les-Bains"]
[Date "2007.08.22"]
[Round "8.6"]
[White "Bouteiller, Eleonore"]
[Black "Delzant, Pierre Richard"]
[Result "0-1"]
[WhiteElo "1480"]
[BlackElo "1330"]
[PlyCount "84"]
[EventDate "2007.??.??"]

1. d4 Nf6 2. c4 g6 3. Nc3 Bg7 4. Nf3 O-O 5. e4 d6 6. Be2 e5 7. d5 Na6 8. Bg5
Qe8 9. Bd3 Nc5 10. Bc2 a6 11. Qd2 Bg4 12. h3 Bxf3 13. gxf3 b5 14. Bh6 bxc4 15.
Bxg7 Kxg7 16. Qe2 Rb8 17. O-O-O Qd7 18. Qxc4 Qc8 19. b4 Ncd7 20. Bd3 Qb7 21. a3
Ra8 22. b5 Rfb8 23. Kc2 axb5 24. Nxb5 Nb6 25. Qa2 Rc8 26. Kd2 c6 27. Nxd6 Qd7
28. Nxc8 Rxc8 29. Qb3 Rb8 30. Ke2 cxd5 31. Ba6 Qa7 32. Bb5 dxe4 33. fxe4 Nxe4
34. f3 Nf6 35. Rhf1 Qb7 36. f4 e4 37. f5 Nbd5 38. a4 Rd8 39. Qg3 Qb6 40. Bc4
Nh5 41. Qe5+ f6 42. Rb1 Qe3+ 0-1

[Event "Championnat de France - Open D"]
[Site "Aix-les-Bains"]
[Date "2007.08.22"]
[Round "8.7"]
[White "Subits, Nicolas"]
[Black "El Forkane, Mohamed"]
[Result "1-0"]
[WhiteElo "1330"]
[BlackElo "1450"]
[PlyCount "95"]
[EventDate "2007.??.??"]

1. e4 e5 2. Nf3 Nc6 3. Bb5 Nge7 4. O-O g6 5. Nc3 Bg7 6. Nd5 O-O 7. Nxe7+ Nxe7
8. c3 d6 9. d4 h6 10. Be3 Be6 11. d5 Bc8 12. a4 f5 13. Bd3 f4 14. Bd2 g5 15. g3
Qe8 16. h4 Qh5 17. Be2 Bg4 18. Kg2 Bf6 19. Re1 gxh4 20. Nxh4 Bxe2 21. Qxe2 Qxe2
22. Rxe2 Bxh4 23. gxf4 exf4 24. Kf3 Ng6 25. Rg1 Kh7 26. Kg4 Be7 27. f3 Rg8 28.
Kf5 Raf8+ 29. Ke6 Rf6+ 30. Kd7 Bd8 31. Rh1 Rg7+ 32. Kc8 c5 33. Reh2 Ne5 34.
Bxf4 Nf7 35. Kxb7 a5 36. b4 axb4 37. cxb4 cxb4 38. Bd2 Ng5+ 39. Kc6 Rc7+ 40.
Kb5 Rb7+ 41. Ka6 Rg7 42. Kb5 b3 43. Bc3 Rb7+ 44. Kc4 Rg6 45. f4 Nxe4 46. f5 Rg4
47. Rxh6+ Kg8 48. Rh8+ 1-0

[Event "Championnat de France - Open D"]
[Site "Aix-les-Bains"]
[Date "2007.08.22"]
[Round "8.8"]
[White "Viart, Bettina"]
[Black "Mazard, Bruno"]
[Result "1-0"]
[WhiteElo "1410"]
[BlackElo "1440"]
[PlyCount "82"]
[EventDate "2007.??.??"]

1. e4 c5 2. Nf3 Nc6 3. c3 e6 4. Bb5 a6 5. Ba4 b5 6. Bc2 g6 7. O-O Bg7 8. Re1 d6
9. d3 Qc7 10. Nbd2 Nf6 11. Nf1 Qb6 12. h3 Bb7 13. Bf4 Ne7 14. d4 cxd4 15. cxd4
Rc8 16. Ng3 O-O 17. Qd2 d5 18. e5 Ne8 19. Rac1 Nf5 20. Nxf5 exf5 21. Bh6 Nc7
22. Bxg7 Kxg7 23. h4 Ne6 24. Bb3 Rxc1 25. Rxc1 h6 26. g3 a5 27. Bd1 a4 28. a3
Rc8 29. Rxc8 Bxc8 30. Qb4 Qc6 31. Qc3 Qxc3 32. bxc3 Nc7 33. Ne1 f6 34. f4 Na8
35. Be2 Nc7 36. Kf2 Kf7 37. Ke3 Ke6 38. Nc2 fxe5 39. dxe5 Na6 40. Nd4+ Kf7 41.
Nxb5 Nc5 1-0

[Event "Championnat de France - Open D"]
[Site "Aix-les-Bains"]
[Date "2007.08.22"]
[Round "8.9"]
[White "Froment, Victor"]
[Black "Saucey, Milena"]
[Result "1-0"]
[WhiteElo "1450"]
[BlackElo "1380"]
[PlyCount "93"]
[EventDate "2007.??.??"]

1. e4 e5 2. Nf3 Nc6 3. Bc4 Bc5 4. c3 Nf6 5. d4 exd4 6. cxd4 Bb6 7. d5 Ne7 8. e5
Ng4 9. O-O Nf5 10. h3 Ngh6 11. Bg5 f6 12. exf6 gxf6 13. Re1+ Kf8 14. Bxh6+ Nxh6
15. Nc3 d6 16. Nd4 Bxd4 17. Qxd4 a6 18. Re2 Nf7 19. Rae1 Ne5 20. Qe3 Nxc4 21.
Qh6+ Kf7 22. Re7+ Qxe7 23. Rxe7+ Kxe7 24. Qg7+ Ke8 25. Qxh8+ Kf7 26. Qxh7+ Ke8
27. Qg8+ Ke7 28. Qg7+ Ke8 29. Ne4 c5 30. Qxf6 Kd7 31. h4 b5 32. Nxc5+ Ke8 33.
h5 Nxb2 34. Qxd6 Ra7 35. Qg6+ Rf7 36. d6 Kf8 37. d7 Bxd7 38. Nxd7+ Rxd7 39.
Qf6+ Ke8 40. Qxb2 Rh7 41. Qe5+ Kf8 42. Qd6+ Kg7 43. Qg6+ Kh8 44. h6 Ra7 45. Qb6
Ra8 46. Qf6+ Kh7 47. Qg7# 1-0

[Event "Championnat de France - Open D"]
[Site "Aix-les-Bains"]
[Date "2007.08.22"]
[Round "8.10"]
[White "Tchordjallian, Alexandre"]
[Black "Leost, Joel"]
[Result "1/2-1/2"]
[WhiteElo "1380"]
[BlackElo "1410"]
[PlyCount "61"]
[EventDate "2007.??.??"]

1. e4 c5 2. Nf3 Nc6 3. d4 cxd4 4. Nxd4 Nf6 5. Nc3 d6 6. Bb5 Bd7 7. Nb3 a6 8.
Bc4 b5 9. Bd3 Ne5 10. h3 Nxd3+ 11. Qxd3 Bc6 12. O-O b4 13. Qc4 Qb6 14. Be3 Bb5
15. Nxb5 Qxb5 16. Qxb5+ axb5 17. f3 Nd7 18. a3 bxa3 19. Rxa3 Rxa3 20. bxa3 e5
21. Rb1 d5 22. Na5 Bxa3 23. Rxb5 d4 24. Bd2 O-O 25. Nc4 Bc5 26. Kf1 f6 27. Rb7
Rf7 28. Rc7 g5 29. Rb7 Kg7 30. Bb4 Bxb4 31. Rxb4 1/2-1/2

[Event "Championnat de France - Open D"]
[Site "Aix-les-Bains"]
[Date "????.??.??"]
[Round "9.1"]
[White "Clement, Alexandre"]
[Black "Cornaton, Julien"]
[Result "1-0"]
[WhiteElo "1390"]
[BlackElo "1500"]
[PlyCount "95"]

1. e4 e5 2. Nf3 Nc6 3. Bc4 Bc5 4. c3 d6 5. d4 exd4 6. cxd4 Bb4+ 7. Bd2 Bxd2+ 8.
Nbxd2 Bg4 9. h3 Bxf3 10. Nxf3 Nf6 11. Qc2 d5 12. Bb5 Qd7 13. Ne5 Qd6 14. Nxc6
bxc6 15. Qxc6+ Ke7 16. Qxd6+ cxd6 17. exd5 Nxd5 18. Bc6 Nb4 19. Bxa8 Nc2+ 20.
Kd2 Nxa1 21. Be4 d5 22. Bd3 Rb8 23. b3 Nxb3+ 24. axb3 Rxb3 25. Ra1 Rb7 26. Ra6
h6 27. f4 f6 28. f5 Rb2+ 29. Bc2 Rb7 30. g4 Rc7 31. Bb3 Rb7 32. Kc3 Rc7+ 33.
Kd3 Rd7 34. Ba4 Rc7 35. Re6+ Kf7 36. Rd6 Rc4 37. Bc2 a5 38. Rxd5 Rc7 39. Rxa5
h5 40. d5 g5 41. d6 Rd7 42. Bb3+ Kg7 43. Ra6 h4 44. Rc6 Kh6 45. Be6 Ra7 46. d7
Rb7 47. d8=Q Rc7 48. Qf8+ 1-0

[Event "Championnat de France - Open D"]
[Site "Aix-les-Bains"]
[Date "????.??.??"]
[Round "9.2"]
[White "Thomas, Vincent"]
[Black "Pignatelli, Daniel"]
[Result "1-0"]
[WhiteElo "1499"]
[BlackElo "1499"]
[PlyCount "79"]

1. c4 e5 2. g3 Nf6 3. Bg2 c6 4. d4 exd4 5. Qxd4 d5 6. cxd5 cxd5 7. Nf3 Nc6 8.
Qa4 Bd7 9. O-O Be7 10. Rd1 O-O 11. Qb3 Qb6 12. Be3 Qxb3 13. axb3 b6 14. Nd4
Nxd4 15. Bxd4 Be6 16. Nc3 Rfd8 17. Bxf6 Bxf6 18. Bxd5 Bxd5 19. Rxd5 Rxd5 20.
Nxd5 Bxb2 21. Ra2 Rd8 22. Rxa7 g6 23. Nxb6 Bd4 24. Rb7 Bxb6 25. Rxb6 Rd1+ 26.
Kg2 Rd2 27. Kf3 Kg7 28. e4 Rb2 29. h4 h5 30. Ke3 Kf8 31. f3 Ke7 32. Kf4 f6 33.
e5 fxe5+ 34. Kxe5 Kd7 35. Rxg6 Rxb3 36. Kf4 Rb4+ 37. Kg5 Rb3 38. Rf6 Ke7 39.
Rf4 Rb5+ 40. Rf5 1-0

[Event "Championnat de France - Open D"]
[Site "Aix-les-Bains"]
[Date "????.??.??"]
[Round "9.3"]
[White "Delzant, Pierre Richard"]
[Black "Marceau, Amaury"]
[Result "1-0"]
[WhiteElo "1330"]
[BlackElo "1499"]
[PlyCount "70"]

1. Nf3 Nf6 2. c4 g6 3. b3 Bg7 4. Bb2 O-O 5. g3 d6 6. Bg2 Nbd7 7. O-O e5 8. d3
a5 9. a3 Nc5 10. Nc3 c6 11. Rb1 e4 12. dxe4 Nfxe4 13. Nd4 Nxb3 14. Nxe4 Nxd4
15. Bxd4 f5 16. Nc3 f4 17. Bxg7 Kxg7 18. Ne4 Bf5 19. Rxb7+ Rf7 20. Rxf7+ Kxf7
21. Nxd6+ Kg7 22. Nxf5+ gxf5 23. Qxd8 Rxd8 24. Bxc6 fxg3 25. fxg3 Kf6 26. Bd5
Re8 27. e4 h5 28. Rxf5+ Kg7 29. Rxh5 a4 30. c5 Kf6 31. c6 Ke7 32. Rh7+ Kd8 33.
c7+ Kc8 34. Bc4 Kb7 35. Rd7 Rxe4 1-0

[Event "Championnat de France - Open D"]
[Site "Aix-les-Bains"]
[Date "????.??.??"]
[Round "9.4"]
[White "Militon, Alexandre"]
[Black "Subits, Nicolas"]
[Result "1-0"]
[WhiteElo "1480"]
[BlackElo "1330"]
[PlyCount "105"]

1. e4 e5 2. Nf3 d6 3. Bc4 Bg4 4. h3 Bh5 5. d3 Nf6 6. Bg5 Be7 7. c3 O-O 8. Nbd2
Nbd7 9. O-O Nc5 10. b4 Ne6 11. Bxe6 fxe6 12. Qb3 d5 13. exd5 exd5 14. Nxe5 Qd6
15. d4 h6 16. Bh4 a5 17. Ne4 a4 18. Nxd6 axb3 19. Nf5 Rfe8 20. axb3 Rac8 21.
Ra7 Rb8 22. g4 Bf7 23. Bxf6 Bxf6 24. Nd7 Ra8 25. Nxf6+ gxf6 26. Rfa1 Rab8 27.
Nxh6+ Kg7 28. Nxf7 Kxf7 29. Kf1 Kg6 30. Re1 Rh8 31. Kg2 Rh7 32. f4 b6 33. Kg3
c5 34. Rxh7 Kxh7 35. Re7+ Kg6 36. f5+ Kh6 37. Rf7 c4 38. bxc4 dxc4 39. Rxf6+
Kh7 40. Rc6 b5 41. d5 Re8 42. Kf3 Re5 43. d6 Rd5 44. Ke4 Rd3 45. Rc7+ Kh6 46.
d7 Kg5 47. Ke5 Re3+ 48. Kd6 Rd3+ 49. Kc6 Kf6 50. Kb7 Rd6 51. Kc8 Ra6 52. d8=Q+
Ke5 53. Qd4# 1-0

[Event "Championnat de France - Open D"]
[Site "Aix-les-Bains"]
[Date "????.??.??"]
[Round "9.5"]
[White "Renet, Jules"]
[Black "Viart, Bettina"]
[Result "1-0"]
[WhiteElo "1430"]
[BlackElo "1410"]
[PlyCount "113"]

1. e4 b6 2. d4 Bb7 3. Nc3 g6 4. f4 d6 5. Nf3 e6 6. Bd3 Bg7 7. O-O Ne7 8. Qe1
Nd7 9. f5 O-O 10. fxg6 fxg6 11. Kh1 a6 12. Qh4 Nc6 13. Bg5 Bf6 14. Ne2 Bxg5 15.
Nxg5 Qe7 16. c3 Rxf1+ 17. Rxf1 Rf8 18. Rxf8+ Nxf8 19. Nf4 Nd8 20. g3 a5 21. Nf3
Qxh4 22. gxh4 h6 23. c4 c5 24. d5 e5 25. Ne2 Bc8 26. Nc3 Bg4 27. Kg2 Bd7 28.
Nb5 Bxb5 29. cxb5 Nd7 30. Nd2 Nf6 31. Nc4 Nh5 32. Kf3 Nf4 33. Be2 Nb7 34. Nxb6
Nxe2 35. Kxe2 Kf7 36. Kf3 Kf6 37. Kg4 h5+ 38. Kg3 Ke7 39. a4 Kd8 40. b3 Kc7 41.
Nc4 Kd7 42. Nd2 Ke7 43. Kf2 Kf6 44. Nf3 Ke7 45. Ke3 Kf7 46. Kd3 Ke7 47. Kc4 Kd7
48. b6 Nd8 49. Kb5 Nb7 50. Ka6 Kc8 51. Ka7 c4 52. bxc4 Nc5 53. Ng5 Nb7 54. Nf7
Nc5 55. Nxd6+ Kd7 56. b7 Nxb7 57. Nxb7 1-0

[Event "Championnat de France - Open D"]
[Site "Aix-les-Bains"]
[Date "????.??.??"]
[Round "9.6"]
[White "Nal, Patrick"]
[Black "Froment, Victor"]
[Result "1-0"]
[WhiteElo "1499"]
[BlackElo "1450"]
[PlyCount "99"]

1. Nf3 d5 2. d4 Nf6 3. g3 e6 4. Bg2 c5 5. O-O Bd6 6. dxc5 Bxc5 7. c4 O-O 8. Nc3
dxc4 9. Ne5 Bd4 10. Nxc4 Bxc3 11. bxc3 Qxd1 12. Rxd1 Nc6 13. Ba3 Rd8 14. Nd6
Ne5 15. Bxb7 Bxb7 16. Nxb7 Rxd1+ 17. Rxd1 Nd5 18. Rc1 Rc8 19. Nd6 Rxc3 20. Rxc3
Nxc3 21. Bb2 Nxe2+ 22. Kf1 Nd3 23. Kxe2 Nxb2 24. Nb5 a6 25. Nc7 Na4 26. Kd2 Nc5
27. f3 Kf8 28. Kc3 Ke7 29. Kb4 Kd7 30. Kxc5 Kxc7 31. f4 h5 32. h3 a5 33. a4 f6
34. Kb5 e5 35. fxe5 fxe5 36. Kxa5 e4 37. Kb4 e3 38. Kc3 e2 39. Kd2 e1=Q+ 40.
Kxe1 Kb6 41. Ke2 Ka5 42. Kf3 Kxa4 43. Kf4 Kb5 44. Kg5 Kc6 45. Kxh5 Kd7 46. Kg6
Ke6 47. h4 Ke5 48. h5 Ke6 49. g4 Ke7 50. Kxg7 1-0

[Event "Championnat de France - Open D"]
[Site "Aix-les-Bains"]
[Date "????.??.??"]
[Round "9.7"]
[White "Bouteiller, Eleonore"]
[Black "Gaubert, Virginie"]
[Result "0-1"]
[WhiteElo "1480"]
[BlackElo "1340"]
[PlyCount "54"]

1. d4 d5 2. c4 e6 3. Nc3 Nf6 4. Bg5 Be7 5. Nf3 O-O 6. g3 c6 7. Bxf6 Bxf6 8. e4
dxe4 9. Nxe4 Re8 10. Nxf6+ Qxf6 11. c5 Nd7 12. Bh3 b6 13. b4 bxc5 14. bxc5 Ba6
15. Bg2 e5 16. d5 Nxc5 17. dxc6 Rad8 18. Qb1 Nd3+ 19. Ke2 Nb4+ 20. Ke1 Nxc6 21.
Qb3 Nd4 22. Nxd4 exd4+ 23. Kd2 Qxf2+ 24. Kc1 Qxg2 25. Rd1 Rb8 26. Qa3 Rec8+ 27.
Qc3 Rxc3# 0-1

[Event "Championnat de France - Open D"]
[Site "Aix-les-Bains"]
[Date "????.??.??"]
[Round "9.8"]
[White "Klein, Rene"]
[Black "Assouvie, Liliane"]
[Result "1-0"]
[WhiteElo "1490"]
[BlackElo "1390"]
[PlyCount "53"]

1. e4 e5 2. Nc3 Nf6 3. f4 d6 4. f5 b6 5. Bc4 Bb7 6. d3 Nbd7 7. Nf3 Be7 8. O-O
a6 9. a3 b5 10. Ba2 c6 11. h3 d5 12. Qe2 Qc7 13. Kh1 Nh5 14. Qe1 h6 15. Nh2 Nb6
16. Bd2 Bg5 17. Bxg5 hxg5 18. Ng4 O-O-O 19. Rf3 f6 20. Qf2 Kb8 21. Re1 c5 22.
Kh2 c4 23. Bb1 d4 24. Ne2 Bc6 25. Ba2 Be8 26. b3 Bf7 27. b4 1-0

[Event "Championnat de France - Open D"]
[Site "Aix-les-Bains"]
[Date "????.??.??"]
[Round "9.9"]
[White "Picavez, Pascal"]
[Black "Ringot, Maxime"]
[Result "0-1"]
[WhiteElo "1300"]
[BlackElo "1490"]
[PlyCount "82"]

1. e3 e5 2. d3 d5 3. g3 Nc6 4. b3 Nf6 5. Bg2 Bf5 6. Bb2 Bb4+ 7. Nd2 O-O 8. a3
Ba5 9. Ngf3 Re8 10. b4 Bb6 11. b5 e4 12. bxc6 exf3 13. Qxf3 Bg4 14. Bxf6 Bxf3
15. Bxd8 Bxg2 16. Rg1 Rexd8 17. cxb7 Rab8 18. Rxg2 Rxb7 19. h4 Re8 20. d4 Reb8
21. Rb1 Ba5 22. Rxb7 Rxb7 23. Ke2 Rb2 24. Rg1 Rxc2 25. Rd1 h5 26. Kd3 Rc3+ 27.
Ke2 Rxa3 28. Kf3 f6 29. Kf4 Rd3 30. Rb1 Rxd2 31. f3 Bb6 32. Kf5 Kf7 33. Rf1 a5
34. g4 g6+ 35. Kf4 c6 36. gxh5 Bc7+ 37. Kg4 Rg2+ 38. Kh3 Rg3+ 39. Kh2 Rxf3+ 40.
Kg2 Rxf1 41. Kxf1 gxh5 0-1

[Event "Championnat de France - Open D"]
[Site "Aix-les-Bains"]
[Date "????.??.??"]
[Round "9.10"]
[White "Trocme, Jacques"]
[Black "Duffaud, Celia"]
[Result "1-0"]
[WhiteElo "1480"]
[BlackElo "1390"]
[PlyCount "77"]

1. Nf3 d5 2. d4 Nc6 3. Nc3 Nf6 4. a3 Bf5 5. h3 h6 6. b3 e6 7. Bb2 Bd6 8. e3 O-O
9. g3 Ne4 10. Qe2 Nxc3 11. Bxc3 Be4 12. Rg1 a6 13. Qd1 b5 14. Nd2 f5 15. f3 b4
16. Bb2 a5 17. a4 Na7 18. fxe4 fxe4 19. Qe2 c5 20. Rb1 Qd7 21. c4 Rf7 22. h4
Qc7 23. Qg2 Rf6 24. dxc5 Qxc5 25. Bxf6 Qxe3+ 26. Kd1 gxf6 27. Be2 Kf7 28. Re1
Bxg3 29. Bh5+ Ke7 30. Rxe3 Bxh4 31. Qg7+ Kd6 32. Qb7 Rg8 33. Qxa7 Ke5 34. Nf3+
Kf5 35. Nxh4+ Ke5 36. cxd5 exd5 37. Ng6+ Kf5 38. Qd7+ Kg5 39. Qg4# 1-0

[Event "Championnat de France - Open D"]
[Site "Aix-les-Bains"]
[Date "2007.??.??"]
[Round "10.1"]
[White "Delzant, Pierre Richard"]
[Black "Thomas, Vincent"]
[Result "0-1"]
[WhiteElo "1330"]
[BlackElo "1499"]
[PlyCount "56"]
[EventDate "2007.??.??"]

1. Nf3 Nf6 2. g3 d5 3. c4 d4 4. b4 e5 5. Nxe5 Bd6 6. Nd3 O-O 7. Bg2 Re8 8. O-O
c6 9. c5 Bf8 10. Bb2 Bf5 11. Nf4 a5 12. a3 b6 13. cxb6 Qxb6 14. d3 axb4 15.
axb4 Rxa1 16. Bxa1 Na6 17. Nd2 Nxb4 18. Nc4 Qa7 19. Qd2 Qd7 20. Rb1 c5 21. Rb3
g5 22. e4 dxe3 23. Nxe3 gxf4 24. gxf4 Bg7 25. Nxf5 Qxf5 26. Qc3 Nh5 27. Qc1
Bxa1 28. Qxa1 Nc2 0-1

[Event "Championnat de France - Open D"]
[Site "Aix-les-Bains"]
[Date "2007.??.??"]
[Round "10.2"]
[White "Clement, Alexandre"]
[Black "Militon, Alexandre"]
[Result "0-1"]
[WhiteElo "1390"]
[BlackElo "1480"]
[PlyCount "40"]
[EventDate "2007.??.??"]

1. e4 e5 2. Nf3 Nc6 3. Bc4 Bc5 4. c3 d6 5. d4 Bb6 6. Ng5 Nh6 7. Be3 Qf6 8. Bb5
O-O 9. Bxc6 bxc6 10. Nf3 Ba6 11. h3 Qg6 12. Bxh6 Qxh6 13. g4 Qf4 14. Nbd2 Bd3
15. Rc1 exd4 16. cxd4 Ba5 17. Rc3 Bxc3 18. bxc3 Rab8 19. Nb3 Bxe4 20. Qd2 Qxf3
0-1

[Event "Championnat de France - Open D"]
[Site "Aix-les-Bains"]
[Date "2007.??.??"]
[Round "10.3"]
[White "Gaubert, Virginie"]
[Black "Renet, Jules"]
[Result "0-1"]
[WhiteElo "1340"]
[BlackElo "1430"]
[PlyCount "130"]
[EventDate "2007.??.??"]

1. e4 e5 2. Nf3 Nc6 3. Bb5 f5 4. d3 fxe4 5. dxe4 Nf6 6. O-O Bc5 7. Qe2 d6 8.
Qc4 a6 9. Bxc6+ bxc6 10. Nc3 Qe7 11. Bg5 Be6 12. Qa4 Bd7 13. Qc4 Be6 14. Qa4
Bd7 15. Qc4 h6 16. Bxf6 Qxf6 17. Ne2 Qe6 18. Qxe6+ Bxe6 19. Nh4 O-O 20. Ng3 Bc4
21. Rfd1 Bxf2+ 22. Kh1 Bxg3 23. hxg3 Rf2 24. b3 Be6 25. c4 c5 26. Kg1 Re2 27.
Re1 Rxe1+ 28. Rxe1 Rf8 29. Rf1 Rxf1+ 30. Kxf1 Bg4 31. Nf3 Kf7 32. Ke2 Kg6 33.
Ke3 Kh5 34. Ke2 Kg6 35. Ke3 Kf6 36. Kd3 g5 37. Kd2 Ke7 38. Ke1 Kd7 39. Kd2 Kc6
40. Nh2 Bh5 41. Nf3 Bxf3 42. gxf3 h5 43. Ke2 h4 44. gxh4 gxh4 45. Kf2 Kb6 46.
Kg2 Ka5 47. a3 Kb6 48. Kh3 a5 49. Kxh4 a4 50. bxa4 Ka5 51. Kg5 Kxa4 52. Kf6
Kxa3 53. Ke6 Kb4 54. Kd5 Kc3 55. Kc6 Kxc4 56. Kxc7 Kd4 57. Kxd6 c4 58. f4 c3
59. fxe5 c2 60. e6 c1=Q 61. e7 Qc8 62. e5 Qe8 63. Ke6 Kc5 64. Kf6 Kd5 65. e6
Kd6 0-1

[Event "Championnat de France - Open D"]
[Site "Aix-les-Bains"]
[Date "2007.08.24"]
[Round "10.4"]
[White "Cornaton, Julien"]
[Black "Nal, Patrick"]
[Result "0-1"]
[WhiteElo "1500"]
[BlackElo "1499"]
[PlyCount "84"]
[EventDate "2007.??.??"]

1. e4 c6 2. d4 d5 3. Nc3 dxe4 4. Nxe4 Nf6 5. Nxf6+ gxf6 6. Bd3 h5 7. Bf4 Bg4 8.
Qd2 Qxd4 9. c3 Qb6 10. h3 Be6 11. Nf3 Nd7 12. Be3 Qc7 13. b3 Ne5 14. Nxe5 fxe5
15. Kf1 O-O-O 16. Qc2 Kb8 17. Re1 Bh6 18. Bf5 Bxf5 19. Qxf5 Bxe3 20. Rxe3 Rd1+
21. Re1 Rxe1+ 22. Kxe1 f6 23. Ke2 Rd8 24. Rd1 Rxd1 25. Kxd1 Qd6+ 26. Kc2 Kc7
27. Qxh5 Qa3 28. Kb1 Qc5 29. Qf3 Qd5 30. Qg4 Qd2 31. Qf3 Qe1+ 32. Kc2 Qa1 33.
b4 Qxa2+ 34. Kd3 Qd5+ 35. Ke2 b6 36. h4 Qc4+ 37. Kd2 Qxh4 38. Qe3 Qf4 39. Qxf4
exf4 40. Kd3 Kd6 41. Ke4 e5 42. c4 a5 0-1

[Event "Championnat de France - Open D"]
[Site "Aix-les-Bains"]
[Date "2007.08.24"]
[Round "10.5"]
[White "Marceau, Amaury"]
[Black "Leost, Joel"]
[Result "1-0"]
[WhiteElo "1499"]
[BlackElo "1410"]
[PlyCount "83"]
[EventDate "2007.??.??"]

1. Nf3 Nf6 2. g3 d5 3. Bg2 c6 4. d3 Bg4 5. O-O Nbd7 6. Nbd2 e6 7. e4 Bc5 8. h3
Bh5 9. g4 Bg6 10. Nh4 Nxe4 11. Nxg6 Nxd2 12. Nxh8 Nxf1 13. Qf3 Qf6 14. Qxf6
Nxf6 15. Kxf1 Ke7 16. Nxf7 Kxf7 17. c3 Rf8 18. b4 Bd6 19. Ke2 Ke7 20. Be3 Nd7
21. Rf1 e5 22. d4 e4 23. f3 exf3+ 24. Rxf3 Rxf3 25. Kxf3 Nb6 26. Ke2 Nc4 27.
Bc1 b5 28. g5 Ke6 29. Bf3 Kf5 30. Bg4+ Ke4 31. Bd7 Bf4 32. Bxf4 Kxf4 33. Bxc6
Nb6 34. Bxb5 Kg3 35. a4 Kxh3 36. a5 h5 37. gxh6 gxh6 38. axb6 axb6 39. Bc6 Kg4
40. Bxd5 Kf4 41. Kd3 h5 42. c4 1-0

[Event "Championnat de France - Open D"]
[Site "Aix-les-Bains"]
[Date "2007.08.24"]
[Round "10.6"]
[White "Pignatelli, Daniel"]
[Black "Viart, Bettina"]
[Result "1-0"]
[WhiteElo "1499"]
[BlackElo "1410"]
[PlyCount "85"]
[EventDate "2007.??.??"]

1. d4 Nf6 2. Nc3 g6 3. e4 d6 4. f4 Bg7 5. e5 dxe5 6. fxe5 Nd5 7. Ne4 Bf5 8. Bd3
Nc6 9. c3 h6 10. Nf3 a6 11. a4 e6 12. Nc5 Rb8 13. Bxf5 gxf5 14. Nd3 a5 15. Nf4
Nxf4 16. Bxf4 Ne7 17. c4 c6 18. Bg3 Ng6 19. Bf2 Qb6 20. Qc2 Qb4+ 21. Qc3 Qxc3+
22. bxc3 Nf4 23. O-O-O Ng6 24. Nd2 Ke7 25. Kc2 Rhc8 26. Rb1 Kd7 27. c5 Ne7 28.
Nc4 Rf8 29. Nd6 Kc7 30. Rb3 b6 31. cxb6+ Rxb6 32. Rxb6 Kxb6 33. Rb1+ Kc7 34.
Rb7+ Kd8 35. Ra7 Nc8 36. Bh4+ f6 37. Rxg7 Nxd6 38. exd6 Kc8 39. Rc7+ Kb8 40.
Re7 Rd8 41. Rxe6 Kb7 42. Rxf6 f4 43. Rf7+ 1-0

[Event "Championnat de France - Open D"]
[Site "Aix-les-Bains"]
[Date "2007.??.??"]
[Round "10.7"]
[White "Tchordjallian, Alexandre"]
[Black "Klein, Rene"]
[Result "0-1"]
[WhiteElo "1380"]
[BlackElo "1490"]
[PlyCount "108"]
[EventDate "2007.??.??"]

1. e4 e5 2. Nf3 Nc6 3. Bb5 Nd4 4. Nxd4 exd4 5. d3 c6 6. Ba4 h6 7. O-O d6 8. h3
Be6 9. c3 b5 10. Bb3 Bxb3 11. axb3 dxc3 12. bxc3 Ne7 13. Re1 Ng6 14. Be3 a5 15.
Nd2 Be7 16. Nf3 Bf6 17. d4 O-O 18. Qc2 Qc7 19. Re2 Rfe8 20. Qc1 Rxe4 21. Qd2
Rae8 22. c4 b4 23. Rae1 c5 24. g3 Qb6 25. dxc5 dxc5 26. Bxc5 Qxc5 27. Rxe4 Rxe4
28. Qd5 Rxe1+ 29. Nxe1 Qxd5 30. cxd5 Bc3 31. d6 Nf8 32. Nd3 Nd7 33. Kg2 f6 34.
Kf3 Kf7 35. Ke4 Ke6 36. g4 Ne5 37. Nc5+ Kxd6 38. Nb7+ Kc7 39. Nxa5 Kb6 40. f4
Nc6 41. Nxc6 Kxc6 42. Kf5 g5 43. fxg5 hxg5 44. Ke6 Kc5 45. Kf5 Kd4 46. Kxf6
Kd3+ 47. Kxg5 Bd2+ 48. Kf5 Kc2 49. h4 Kxb3 50. g5 Bc3 51. h5 Ka3 52. h6 b3 53.
g6 b2 54. g7 b1=Q+ 0-1

[Event "Championnat de France - Open D"]
[Site "Aix-les-Bains"]
[Date "2007.08.24"]
[Round "10.8"]
[White "Ringot, Maxime"]
[Black "Masson, Guillaume"]
[Result "1-0"]
[WhiteElo "1490"]
[BlackElo "1380"]
[PlyCount "93"]
[EventDate "2007.??.??"]

1. f4 d5 2. Nf3 e6 3. e3 Nc6 4. Bb5 Bd7 5. Bxc6 Bxc6 6. Ne5 Qh4+ 7. g3 Qh3 8.
Qg4 Qxg4 9. Nxg4 d4 10. O-O dxe3 11. Nxe3 Bc5 12. d3 Nf6 13. c3 Nd5 14. d4 Nxe3
15. Bxe3 Bd6 16. Nd2 O-O-O 17. Nc4 Bb5 18. Nxd6+ cxd6 19. Rfc1 d5 20. a4 Bc6
21. b4 a6 22. c4 dxc4 23. Rxc4 Kd7 24. Rc5 Rc8 25. b5 axb5 26. axb5 Bd5 27.
Rxc8 Rxc8 28. Rc1 Rxc1+ 29. Bxc1 Kc7 30. Kf2 Kb6 31. g4 Kxb5 32. f5 Kc4 33. Ke3
g6 34. fxg6 hxg6 35. h4 f5 36. h5 gxh5 37. gxh5 e5 38. dxe5 Bg8 39. Kf4 Kd5 40.
Kxf5 b5 41. h6 Bh7+ 42. Kf6 b4 43. e6 Kd6 44. e7 Kd7 45. Kf7 Bg6+ 46. Kxg6 Kxe7
47. h7 1-0

[Event "Championnat de France - Open D"]
[Site "Aix-les-Bains"]
[Date "2007.08.24"]
[Round "10.9"]
[White "Subits, Nicolas"]
[Black "Trocme, Jacques"]
[Result "1-0"]
[WhiteElo "1330"]
[BlackElo "1480"]
[PlyCount "112"]
[EventDate "2007.??.??"]

1. e4 d6 2. Nf3 g6 3. Bc4 Bg7 4. Ng5 e6 5. d4 h6 6. Nf3 b6 7. d5 e5 8. h4 Nf6
9. c3 a6 10. Qa4+ Bd7 11. Qc2 b5 12. Bd3 c6 13. c4 c5 14. Bd2 Qb6 15. O-O b4
16. Qb3 a5 17. a4 Qd8 18. g3 Bg4 19. Nh2 Bh3 20. Re1 g5 21. hxg5 hxg5 22. Bxg5
Qd7 23. Bxf6 Bxf6 24. Qd1 Qe7 25. Be2 Nd7 26. Bg4 O-O-O 27. Nd2 Kb7 28. Bxh3
Rxh3 29. Kg2 Rg8 30. Kxh3 Rh8+ 31. Kg2 Qf8 32. Ng4 Bd8 33. Rh1 Rg8 34. Qf3 f6
35. Rh7 Be7 36. Qf5 Qd8 37. Nh6 Re8 38. Nf7 Qc7 39. Rh8 Bf8 40. Rah1 Re7 41.
R1h7 Ka6 42. Nf3 b3 43. Nh4 Nb6 44. Rxf8 Nxc4 45. Qf3 Qb6 46. Qd3 Qb4 47. Rhh8
Qxa4 48. Ra8+ Ra7 49. Nxd6 Rxa8 50. Rxa8+ Kb6 51. Qxc4 Qxc4 52. Nxc4+ Kb5 53.
Nxa5 c4 54. d6 c3 55. bxc3 b2 56. Rb8+ Kxa5 1-0

[Event "Championnat de France - Open D"]
[Site "Aix-les-Bains"]
[Date "2007.08.25"]
[Round "11.1"]
[White "Thomas, Vincent"]
[Black "Militon, Alexandre"]
[Result "1-0"]
[WhiteElo "1499"]
[BlackElo "1480"]
[PlyCount "109"]
[EventDate "2007.??.??"]

1. c4 d6 2. g3 g6 3. Bg2 Bg7 4. Nc3 c6 5. e4 e5 6. Nge2 Be6 7. d3 Ne7 8. Be3
O-O 9. Qd2 d5 10. exd5 cxd5 11. Bh6 dxc4 12. Bxg7 Kxg7 13. Bxb7 Bd5 14. Nxd5
Nxd5 15. Bxa8 Nb6 16. Bg2 N8d7 17. dxc4 Nxc4 18. Qc3 Ncb6 19. O-O Qe7 20. Rac1
Na4 21. Qb3 Nac5 22. Qa3 a6 23. Bc6 Qf6 24. Rxc5 Nxc5 25. Qxc5 Rc8 26. Rc1 Qf5
27. f4 Qg4 28. Qxe5+ Kg8 29. Kg2 Rd8 30. Nd4 Qc8 31. Rc3 Qg4 32. Bf3 Qd7 33.
Rc7 Qxd4 34. Qxd4 Rxd4 35. Rc2 a5 36. Kf2 a4 37. a3 Rd6 38. Bc6 Rd1 39. Bxa4
Rh1 40. h4 Kg7 41. Kf3 h5 42. Bb5 Ra1 43. a4 Ra2 44. Ke4 Kf6 45. Rc6+ Kg7 46.
b3 Ra3 47. Bc4 Ra1 48. Rc7 Re1+ 49. Kf3 Rc1 50. Rxf7+ Kh8 51. a5 Rc3+ 52. Kf2
Rc2+ 53. Be2 Ra2 54. a6 Kg8 55. Rb7 1-0